[Event "DVM U14w 2020"]
[Site "Willingen GER"]
[Date "2021.06.26"]
[Round "6"]
[White "Petrosyan, Ani"]
[Black "Gyácsok, Dzvinka"]
[Result "1-0"]
[Termination "normal"]
[Board "5.3"]
[WhiteElo "1353"]
[BlackElo "1041"]
[WhiteClock "00:44:49"]
[BlackClock "00:47:57"]
[WhiteTeam "TuRa Harksheide von 1945 Norderstedt"]
[BlackTeam "SV Multatuli Ingelheim e.V."]
[PlyCount "53"]
[WhiteFideId "16248015"]
[BlackFideId "16298292"]
[EventCountry "GER"]
[EventRounds "7"]
[EventType "team-swiss"]
[EventDate "2021.06.23"]

1. Nf3 {[%clk 1:30:47]} 1... d5 {[%clk 1:30:50]} 2. e3 {[%clk 1:31:06]} 2... c5
{[%clk 1:31:07]} 3. d4 {[%clk 1:26:28]} 3... Nf6 {[%clk 1:31:11]} 4. c4 { [%clk
1:26:40]} 4... e6 {[%clk 1:31:15]} 5. Nc3 {[%clk 1:24:14]} 5... Nc6 { [%clk
1:29:11]} 6. b3 {[%clk 1:23:39]} 6... a6 {[%clk 1:28:40]} 7. Bb2 { [%clk
1:23:35]} 7... Be7 {[%clk 1:25:53]} 8. Be2 {[%clk 1:20:32]} 8... Qc7 { [%clk
1:23:42]} 9. dxc5 {[%clk 1:18:13]} 9... Bxc5 {[%clk 1:22:45]} 10. cxd5 { [%clk
1:18:21]} 10... exd5 {[%clk 1:18:16]} 11. Nxd5 {[%clk 1:17:07]} 11... Bb4+
{[%clk 1:13:17]} 12. Nxb4 {[%clk 1:16:14]} 12... Nxb4 {[%clk 1:12:32]} 13. Rc1
{[%clk 1:16:04]} 13... Qa5 {[%clk 1:08:39]} 14. Bc3 {[%clk 1:15:06]} 14... O-O
{[%clk 1:05:48]} 15. O-O {[%clk 1:14:26]} 15... Qb6 {[%clk 1:02:53]} 16. Bxb4
{[%clk 1:04:11]} 16... Qxb4 {[%clk 1:02:42]} 17. Rc4 {[%clk 0:58:39]} 17... Qa3
{[%clk 1:00:49]} 18. Qd2 {[%clk 0:56:32]} 18... Be6 {[%clk 0:59:37]} 19. Rd4
{[%clk 0:49:51]} 19... Qa5 {[%clk 0:55:46]} 20. Qxa5 {[%clk 0:49:36]} 20...
Rfc8 {[%clk 0:54:08]} 21. Rfd1 {[%clk 0:48:59]} 21... h6 {[%clk 0:53:10]} 22.
Rd8+ {[%clk 0:48:17]} 22... Kh7 {[%clk 0:53:03]} 23. Rxc8 {[%clk 0:46:08]}
23... Rxc8 {[%clk 0:53:12]} 24. Qe5 {[%clk 0:44:45]} 24... Rc2 {[%clk 0:52:13]}
25. Bd3+ {[%clk 0:45:00]} 25... Kg8 {[%clk 0:47:55]} 26. Bxc2 {[%clk 0:44:49]}
26... Ng4 {[%clk 0:47:57]} 27. Rd8# 1-0

[Event "DVM U14w 2020"]
[Site "Willingen GER"]
[Date "2021.06.26"]
[Round "6"]
[White "König, Pauline"]
[Black "Chen, Michelle"]
[Result "0-1"]
[Termination "normal"]
[Board "5.4"]
[WhiteElo "1034"]
[BlackElo "1064"]
[WhiteClock "00:23:26"]
[BlackClock "00:24:18"]
[WhiteTeam "SV Multatuli Ingelheim e.V."]
[BlackTeam "TuRa Harksheide von 1945 Norderstedt"]
[PlyCount "46"]
[WhiteFideId "34605789"]
[BlackFideId "16275403"]
[EventCountry "GER"]
[EventRounds "7"]
[EventType "team-swiss"]
[EventDate "2021.06.23"]

1. d4 {[%clk 1:30:58]} 1... d5 {[%clk 1:30:57]} 2. c4 {[%clk 1:31:22]} 2... e6
{[%clk 1:31:22]} 3. Nc3 {[%clk 1:31:21]} 3... Nf6 {[%clk 1:31:37]} 4. Bg5 {
[%clk 1:31:07]} 4... Be7 {[%clk 1:31:48]} 5. e3 {[%clk 1:30:55]} 5... O-O {
[%clk 1:31:43]} 6. Nf3 {[%clk 1:30:29]} 6... b6 {[%clk 1:29:52]} 7. Ne5 { [%clk
1:25:41]} 7... Bb7 {[%clk 1:22:17]} 8. Bd3 {[%clk 1:20:35]} 8... Nbd7 { [%clk
1:18:22]} 9. Bxf6 {[%clk 1:10:00]} 9... Bxf6 {[%clk 1:10:03]} 10. Nf3 { [%clk
1:02:57]} 10... c5 {[%clk 1:05:27]} 11. Be2 {[%clk 0:57:04]} 11... Rc8 { [%clk
0:59:32]} 12. cxd5 {[%clk 0:49:59]} 12... exd5 {[%clk 0:55:12]} 13. O-O { [%clk
0:46:19]} 13... Be7 {[%clk 0:50:36]} 14. Qa4 {[%clk 0:41:03]} 14... a5 { [%clk
0:45:30]} 15. Bb5 {[%clk 0:39:52]} 15... Nf6 {[%clk 0:39:57]} 16. Ne5 { [%clk
0:35:34]} 16... Rc7 {[%clk 0:34:19]} 17. Rad1 {[%clk 0:34:20]} 17... Qd6 {[%clk
0:32:22]} 18. Nd3 {[%clk 0:28:23]} 18... Ng4 {[%clk 0:29:21]} 19. g3 { [%clk
0:27:53]} 19... Qh6 {[%clk 0:27:44]} 20. Rfe1 {[%clk 0:25:27]} 20... Qxh2+
{[%clk 0:27:15]} 21. Kf1 {[%clk 0:25:42]} 21... c4 {[%clk 0:26:40]} 22. Bd7
{[%clk 0:23:20]} 22... cxd3 {[%clk 0:24:18]} 23. Bxg4 {[%clk 0:23:26]} 23...
Qh1# 0-1

[Event "DVM U14w 2020"]
[Site "Willingen GER"]
[Date "2021.06.26"]
[Round "6"]
[White "Roncea, Andrea-Alexandra"]
[Black "Moldovan, Tatiana"]
[Result "1/2-1/2"]
[Termination "normal"]
[Board "6.1"]
[WhiteElo "1619"]
[BlackElo "1430"]
[WhiteClock "00:11:05"]
[BlackClock "00:41:19"]
[WhiteTeam "SC Papenburg"]
[BlackTeam "SG Königskinder Hohentübingen e.V."]
[PlyCount "68"]
[WhiteFideId "16233115"]
[BlackFideId "16287398"]
[EventCountry "GER"]
[EventRounds "7"]
[EventType "team-swiss"]
[EventDate "2021.06.23"]

1. e4 {[%clk 1:30:56]} 1... c5 {[%clk 1:29:28]} 2. Nf3 {[%clk 1:31:02]} 2... a6
{[%clk 1:26:45]} 3. c4 {[%clk 1:30:45]} 3... b6 {[%clk 1:27:01]} 4. Nc3 { [%clk
1:31:02]} 4... Bb7 {[%clk 1:27:11]} 5. d4 {[%clk 1:30:58]} 5... cxd4 { [%clk
1:27:27]} 6. Nxd4 {[%clk 1:31:14]} 6... e6 {[%clk 1:27:42]} 7. Be3 { [%clk
1:31:14]} 7... Ne7 {[%clk 1:27:02]} 8. Bd3 {[%clk 1:30:48]} 8... d5 { [%clk
1:26:19]} 9. O-O {[%clk 1:23:53]} 9... e5 {[%clk 1:25:00]} 10. exd5 { [%clk
1:18:17]} 10... exd4 {[%clk 1:24:35]} 11. Bxd4 {[%clk 1:18:28]} 11... b5 {[%clk
1:21:52]} 12. b3 {[%clk 1:16:02]} 12... f6 {[%clk 1:21:31]} 13. Re1 { [%clk
1:15:02]} 13... Kf7 {[%clk 1:19:36]} 14. Qh5+ {[%clk 1:09:15]} 14... g6 { [%clk
1:19:14]} 15. Qf3 {[%clk 1:09:06]} 15... Bg7 {[%clk 1:19:13]} 16. Ne4 { [%clk
1:06:03]} 16... Nf5 {[%clk 1:18:40]} 17. Bc3 {[%clk 1:05:27]} 17... Rf8 { [%clk
1:18:19]} 18. g4 {[%clk 1:01:59]} 18... Nh6 {[%clk 1:13:44]} 19. Ng5+ { [%clk
0:58:35]} 19... Kg8 {[%clk 1:13:16]} 20. Ne6 {[%clk 0:58:38]} 20... Qc8 { [%clk
1:07:10]} 21. Nxf8 {[%clk 0:57:43]} 21... Qxf8 {[%clk 1:06:41]} 22. Re2 { [%clk
0:52:21]} 22... Nd7 {[%clk 1:05:53]} 23. Rae1 {[%clk 0:49:01]} 23... Ne5 {[%clk
0:57:42]} 24. Bxe5 {[%clk 0:48:39]} 24... fxe5 {[%clk 0:57:52]} 25. Qxf8+
{[%clk 0:47:04]} 25... Rxf8 {[%clk 0:57:23]} 26. h3 {[%clk 0:44:47]} 26... Nf7
{[%clk 0:55:43]} 27. h4 {[%clk 0:38:24]} 27... Nh6 {[%clk 0:54:05]} 28. g5
{[%clk 0:32:25]} 28... Nf5 {[%clk 0:53:16]} 29. Bxf5 {[%clk 0:32:31]} 29...
Rxf5 {[%clk 0:51:53]} 30. Kh2 {[%clk 0:27:04]} 30... Rf4 {[%clk 0:51:25]} 31.
Kg3 {[%clk 0:25:43]} 31... Bc8 {[%clk 0:51:24]} 32. Re4 {[%clk 0:25:31]} 32...
Rf8 {[%clk 0:50:41]} 33. f4 {[%clk 0:20:00]} 33... Bf5 {[%clk 0:42:15]} 34.
R4e3 {[%clk 0:11:05]} 34... e4 {[%clk 0:41:19]} 1/2-1/2

[Event "DVM U14w 2020"]
[Site "Willingen GER"]
[Date "2021.06.26"]
[Round "6"]
[White "Moldovan, Stela"]
[Black "Zöllner, Bente"]
[Result "0-1"]
[Termination "normal"]
[Board "6.2"]
[WhiteElo "1336"]
[BlackElo "1614"]
[WhiteClock "00:31:07"]
[BlackClock "00:44:45"]
[WhiteTeam "SG Königskinder Hohentübingen e.V."]
[BlackTeam "SC Papenburg"]
[PlyCount "62"]
[WhiteFideId "16287380"]
[BlackFideId "16230523"]
[EventCountry "GER"]
[EventRounds "7"]
[EventType "team-swiss"]
[EventDate "2021.06.23"]

1. d4 {[%clk 1:31:00]} 1... Nf6 {[%clk 1:29:41]} 2. Nf3 {[%clk 1:30:47]} 2...
g6 {[%clk 1:29:29]} 3. Nc3 {[%clk 1:30:39]} 3... Bg7 {[%clk 1:28:43]} 4. Bf4 {
[%clk 1:30:52]} 4... d6 {[%clk 1:28:50]} 5. e4 {[%clk 1:30:59]} 5... Nbd7 {
[%clk 1:28:32]} 6. Be2 {[%clk 1:30:19]} 6... c5 {[%clk 1:28:05]} 7. Qd2 { [%clk
1:28:16]} 7... O-O {[%clk 1:25:29]} 8. Bh6 {[%clk 1:28:34]} 8... a6 { [%clk
1:21:46]} 9. Bxg7 {[%clk 1:28:40]} 9... Kxg7 {[%clk 1:22:10]} 10. h4 { [%clk
1:28:44]} 10... b5 {[%clk 1:20:46]} 11. a3 {[%clk 1:28:23]} 11... cxd4 { [%clk
1:19:45]} 12. Nxd4 {[%clk 1:26:39]} 12... Bb7 {[%clk 1:18:04]} 13. f3 { [%clk
1:25:59]} 13... Qb6 {[%clk 1:15:42]} 14. g4 {[%clk 1:25:38]} 14... Nc5 { [%clk
1:13:39]} 15. h5 {[%clk 1:25:16]} 15... Rh8 {[%clk 1:13:08]} 16. h6+ { [%clk
1:24:31]} 16... Kf8 {[%clk 1:13:15]} 17. Nb3 {[%clk 1:23:12]} 17... b4 { [%clk
1:10:48]} 18. axb4 {[%clk 1:18:09]} 18... Nxb3 {[%clk 1:09:42]} 19. cxb3 {[%clk
1:18:24]} 19... Qxb4 {[%clk 1:08:58]} 20. Bc4 {[%clk 1:07:43]} 20... e6 {[%clk
0:59:56]} 21. Qd4 {[%clk 1:03:42]} 21... Ke7 {[%clk 0:56:30]} 22. Qd3 { [%clk
0:58:16]} 22... d5 {[%clk 0:52:40]} 23. exd5 {[%clk 0:58:12]} 23... Nxd5 {[%clk
0:48:36]} 24. Bxd5 {[%clk 0:55:33]} 24... Bxd5 {[%clk 0:47:16]} 25. Rxa6 {[%clk
0:49:10]} 25... Rxa6 {[%clk 0:46:45]} 26. Qxa6 {[%clk 0:48:39]} 26... Ra8
{[%clk 0:46:36]} 27. Qd3 {[%clk 0:44:21]} 27... Ra1+ 28. Kf2 { [%clk 0:30:49]}
28... Rxh1 {[%clk 0:44:38]} 29. Nxd5+ {[%clk 0:30:38]} 29... exd5 {[%clk
0:44:29]} 30. Qxd5 {[%clk 0:31:07]} 30... Qe1+ {[%clk 0:44:45]} 31. Kg2 Qg1#
0-1

[Event "DVM U14w 2020"]
[Site "Willingen GER"]
[Date "2021.06.26"]
[Round "6"]
[White "Kube, Maja"]
[Black "Stasaitis, Paulina"]
[Result "0-1"]
[Termination "normal"]
[Board "6.3"]
[WhiteElo "979"]
[BlackElo "1119"]
[WhiteClock "01:06:35"]
[BlackClock "01:12:10"]
[WhiteTeam "SC Papenburg"]
[BlackTeam "SG Königskinder Hohentübingen e.V."]
[PlyCount "100"]
[WhiteFideId "16298268"]
[BlackFideId "34606165"]
[EventCountry "GER"]
[EventRounds "7"]
[EventType "team-swiss"]
[EventDate "2021.06.23"]

1. e4 {[%clk 1:30:59]} 1... e5 {[%clk 1:30:58]} 2. Nf3 {[%clk 1:31:19]} 2...
Nf6 {[%clk 1:31:07]} 3. d4 {[%clk 1:31:19]} 3... exd4 {[%clk 1:28:53]} 4. Qxd4
{[%clk 1:30:43]} 4... Nc6 {[%clk 1:28:48]} 5. Qa4 {[%clk 1:28:37]} 5... Bc5 {
[%clk 1:25:56]} 6. e5 {[%clk 1:26:21]} 6... Qe7 {[%clk 1:25:24]} 7. Qf4 { [%clk
1:23:16]} 7... d6 {[%clk 1:24:31]} 8. Be3 {[%clk 1:20:26]} 8... Bxe3 { [%clk
1:22:45]} 9. Qxe3 {[%clk 1:17:42]} 9... Nxe5 {[%clk 1:21:58]} 10. Nxe5 { [%clk
1:16:29]} 10... Qxe5 {[%clk 1:21:03]} 11. Qxe5+ {[%clk 1:13:47]} 11... dxe5
{[%clk 1:20:57]} 12. Nc3 {[%clk 1:13:45]} 12... Bd7 {[%clk 1:19:28]} 13. O-O-O
{[%clk 1:12:08]} 13... O-O-O {[%clk 1:17:40]} 14. Bc4 {[%clk 1:10:59]} 14...
Ng4 {[%clk 1:16:59]} 15. Ne4 {[%clk 1:08:58]} 15... f5 {[%clk 1:16:14]} 16. f3
{[%clk 1:08:37]} 16... Ne3 {[%clk 1:16:17]} 17. Ng5 {[%clk 1:07:23]} 17... Nxd1
{[%clk 1:15:41]} 18. Rxd1 {[%clk 1:07:15]} 18... Be8 {[%clk 1:15:14] } 19.
Rxd8+ {[%clk 1:06:54]} 19... Kxd8 {[%clk 1:15:29]} 20. Ne6+ { [%clk 1:07:11]}
20... Ke7 {[%clk 1:14:14]} 21. Nxc7 {[%clk 1:06:40]} 21... Bf7 {[%clk 1:13:55]}
22. Nd5+ {[%clk 1:05:53]} 22... Kd6 {[%clk 1:13:39]} 23. Ne3 { [%clk 1:05:31]}
23... Bxc4 {[%clk 1:10:31]} 24. Nxc4+ {[%clk 1:05:49]} 24... Ke6 {[%clk
1:10:49]} 25. b4 {[%clk 1:05:13]} 25... Rc8 {[%clk 1:09:08]} 26. Na5 {[%clk
1:04:30]} 26... b6 {[%clk 1:08:48]} 27. Nb7 {[%clk 1:04:41]} 27... Rb8 { [%clk
1:08:45]} 28. Nc5+ {[%clk 1:02:04]} 28... bxc5 {[%clk 1:07:41]} 29. bxc5 {[%clk
1:02:29]} 29... e4 {[%clk 1:07:14]} 30. c6 {[%clk 1:02:32]} 30... Kd6 31. fxe4
{[%clk 1:02:51]} 31... fxe4 {[%clk 1:07:35]} 32. Kd2 {[%clk 1:03:07]} 32... Re8
{[%clk 1:07:42]} 33. Ke3 {[%clk 1:03:22]} 33... Kxc6 {[%clk 1:07:52]} 34. g4
{[%clk 1:03:35]} 34... g5 {[%clk 1:08:11]} 35. h3 {[%clk 1:03:47]} 35... Kd5
{[%clk 1:08:27]} 36. a4 {[%clk 1:03:35]} 36... Rc8 {[%clk 1:08:42]} 37. a5
{[%clk 1:03:50]} 37... Rc3+ {[%clk 1:08:54]} 38. Kd2 {[%clk 1:04:06]} 38... Ra3
{[%clk 1:09:02]} 39. c3 {[%clk 1:04:15]} 39... Rxa5 {[%clk 1:09:17]} 40. Ke3 {
[%clk 1:04:30]} 40... Rb5 {[%clk 1:09:29]} 41. c4+ {[%clk 1:04:21]} 41... Kxc4
{[%clk 1:09:49]} 42. Kxe4 {[%clk 1:04:48]} 42... a5 {[%clk 1:09:59]} 43. Kf3 {
[%clk 1:04:52]} 43... a4 {[%clk 1:10:24]} 44. Kg3 {[%clk 1:05:14]} 44... a3 {
[%clk 1:10:45]} 45. h4 {[%clk 1:05:29]} 45... a2 {[%clk 1:11:01]} 46. hxg5 {
[%clk 1:05:54]} 46... a1=Q {[%clk 1:11:26]} 47. Kf4 {[%clk 1:05:36]} 47... Qd4+
{[%clk 1:11:41]} 48. Kg3 {[%clk 1:05:56]} 48... Rb3+ {[%clk 1:11:52]} 49. Kh4 {
[%clk 1:06:16]} 49... Qf2+ {[%clk 1:11:55]} 50. Kh5 {[%clk 1:06:35]} 50... Qh2#
{[%clk 1:12:10]} 0-1

[Event "DVM U14w 2020"]
[Site "Willingen GER"]
[Date "2021.06.26"]
[Round "6"]
[White "Hubert, Charlotte"]
[Black "Kanno, Clara Yumi"]
[Result "1-0"]
[Termination "normal"]
[Board "7.1"]
[WhiteElo "1549"]
[BlackElo "1093"]
[WhiteClock "00:21:06"]
[BlackClock "00:17:43"]
[WhiteTeam "Hamburger SK von 1830"]
[BlackTeam "Schachfreunde Essen-Werden"]
[PlyCount "75"]
[WhiteFideId "16265920"]
[BlackFideId "16259661"]
[EventCountry "GER"]
[EventRounds "7"]
[EventType "team-swiss"]
[EventDate "2021.06.23"]

1. e4 {[%clk 1:30:57]} 1... c5 {[%clk 1:30:22]} 2. Nf3 {[%clk 1:31:08]} 2... a6
{[%clk 1:30:14]} 3. c4 {[%clk 1:31:28]} 3... Nf6 {[%clk 1:30:02]} 4. Nc3 {
[%clk 1:31:37]} 4... d6 {[%clk 1:26:03]} 5. d4 {[%clk 1:31:52]} 5... cxd4 {
[%clk 1:25:52]} 6. Nxd4 {[%clk 1:32:13]} 6... e6 {[%clk 1:23:38]} 7. Be3 {
[%clk 1:30:41]} 7... b6 {[%clk 1:22:12]} 8. Be2 {[%clk 1:28:55]} 8... Bb7 {
[%clk 1:20:53]} 9. f3 {[%clk 1:28:40]} 9... Be7 {[%clk 1:19:56]} 10. O-O {
[%clk 1:27:46]} 10... O-O {[%clk 1:19:45]} 11. Qd2 {[%clk 1:26:33]} 11... Qc7 {
[%clk 1:18:54]} 12. Rac1 {[%clk 1:24:53]} 12... Nc6 {[%clk 1:18:09]} 13. Nd5 {
[%clk 1:17:54]} 13... exd5 {[%clk 1:11:28]} 14. cxd5 {[%clk 1:18:16]} 14... Qd8
{[%clk 1:09:49]} 15. dxc6 {[%clk 1:18:25]} 15... Bc8 {[%clk 1:09:52]} 16. a4 {
[%clk 1:07:47]} 16... d5 {[%clk 0:55:41]} 17. e5 {[%clk 1:05:15]} 17... Ne8 {
[%clk 0:55:21]} 18. f4 {[%clk 1:03:18]} 18... a5 {[%clk 0:41:35]} 19. Bd3 {
[%clk 0:52:51]} 19... Bc5 {[%clk 0:31:52]} 20. Nb5 {[%clk 0:47:36]} 20... d4 {
[%clk 0:27:31]} 21. Bf2 {[%clk 0:46:14]} 21... Be6 {[%clk 0:22:26]} 22. Be4 {
[%clk 0:40:04]} 22... Rc8 {[%clk 0:20:09]} 23. Bxd4 {[%clk 0:36:34]} 23... Bb3
{[%clk 0:19:29]} 24. Qe3 {[%clk 0:25:50]} 24... Bxd4 {[%clk 0:16:38]} 25. Qxd4
{[%clk 0:25:51]} 25... Qxd4+ {[%clk 0:17:01]} 26. Nxd4 {[%clk 0:26:13]} 26...
Bxa4 {[%clk 0:16:02]} 27. b3 {[%clk 0:25:35]} 27... Rd8 {[%clk 0:15:59]} 28.
Rfd1 {[%clk 0:25:09]} 28... Bxc6 {[%clk 0:15:59]} 29. Nxc6 {[%clk 0:25:19]}
29... Rxd1+ {[%clk 0:16:08]} 30. Rxd1 {[%clk 0:25:45]} 30... Nc7 { [%clk
0:16:26]} 31. Rd7 {[%clk 0:24:36]} 31... Nb5 {[%clk 0:16:22]} 32. Ne7+ { [%clk
0:24:05]} 32... Kh8 {[%clk 0:16:43]} 33. Nd5 {[%clk 0:24:23]} 33... g6 { [%clk
0:16:53]} 34. Nxb6 {[%clk 0:24:25]} 34... Nc3 {[%clk 0:17:10]} 35. Bf3 { [%clk
0:22:49]} 35... Kg8 {[%clk 0:17:25]} 36. Ra7 {[%clk 0:22:56]} 36... Rb8 { [%clk
0:17:24]} 37. Ra8 {[%clk 0:22:54]} 37... Rxa8 {[%clk 0:17:43]} 38. Nxa8 { [%clk
0:21:06]} 1-0

[Event "DVM U14w 2020"]
[Site "Willingen GER"]
[Date "2021.06.26"]
[Round "6"]
[White "Symanski, Linda"]
[Black "Modali, Nikhilamrutha"]
[Result "1-0"]
[Termination "normal"]
[Board "7.2"]
[WhiteElo "1012"]
[BlackElo "1205"]
[WhiteClock "00:24:44"]
[BlackClock "00:03:59"]
[WhiteTeam "Schachfreunde Essen-Werden"]
[BlackTeam "Hamburger SK von 1830"]
[PlyCount "97"]
[WhiteFideId "16284534"]
[BlackFideId "16282370"]
[EventCountry "GER"]
[EventRounds "7"]
[EventType "team-swiss"]
[EventDate "2021.06.23"]

1. d4 {[%clk 1:30:57]} 1... Nf6 {[%clk 1:30:52]} 2. e3 {[%clk 1:31:13]} 2... g6
{[%clk 1:30:34]} 3. Be2 {[%clk 1:31:06]} 3... Bg7 {[%clk 1:30:19]} 4. h4 {
[%clk 1:31:05]} 4... h5 {[%clk 1:29:06]} 5. c3 {[%clk 1:29:53]} 5... d5 { [%clk
1:27:51]} 6. Nf3 {[%clk 1:28:46]} 6... Nbd7 {[%clk 1:25:45]} 7. Nbd2 { [%clk
1:27:17]} 7... e6 {[%clk 1:22:28]} 8. b3 {[%clk 1:25:44]} 8... Ng4 { [%clk
1:13:43]} 9. Bb2 {[%clk 1:19:48]} 9... e5 {[%clk 1:04:07]} 10. g3 { [%clk
1:09:27]} 10... Qf6 {[%clk 0:57:11]} 11. e4 {[%clk 0:59:32]} 11... c6 { [%clk
0:52:05]} 12. Qc2 {[%clk 0:55:50]} 12... Bh6 {[%clk 0:48:39]} 13. Rf1 { [%clk
0:51:22]} 13... Bxd2+ {[%clk 0:38:12]} 14. Nxd2 {[%clk 0:50:39]} 14... Nh2
{[%clk 0:35:29]} 15. Rh1 {[%clk 0:44:35]} 15... Ng4 {[%clk 0:34:03]} 16. Bxg4
{[%clk 0:44:18]} 16... hxg4 {[%clk 0:34:27]} 17. Rf1 {[%clk 0:43:17]} 17... b6
{[%clk 0:30:17]} 18. O-O-O {[%clk 0:41:48]} 18... Ba6 {[%clk 0:29:59]} 19. c4
{[%clk 0:37:54]} 19... dxc4 {[%clk 0:26:39]} 20. Nxc4 {[%clk 0:37:08]} 20...
Bxc4 {[%clk 0:21:38]} 21. Qxc4 {[%clk 0:37:12]} 21... b5 {[%clk 0:19:57]} 22.
Qc3 {[%clk 0:35:57]} 22... exd4 {[%clk 0:18:29]} 23. Qxd4 {[%clk 0:35:29]}
23... Qxd4 {[%clk 0:18:28]} 24. Bxd4 {[%clk 0:35:52]} 24... Rh5 {[%clk 0:18:30]
} 25. Rfe1 {[%clk 0:35:00]} 25... g5 {[%clk 0:18:03]} 26. hxg5 {[%clk 0:34:18]}
26... Rxg5 {[%clk 0:18:20]} 27. e5 {[%clk 0:34:18]} 27... c5 {[%clk 0:17:02]}
28. e6 {[%clk 0:28:01]} 28... fxe6 {[%clk 0:15:10]} 29. Rxe6+ {[%clk 0:28:15]}
29... Kf7 {[%clk 0:15:31]} 30. Rd6 {[%clk 0:27:22]} 30... Ke7 {[%clk 0:12:16]}
31. Be3 {[%clk 0:26:57]} 31... Rgg8 {[%clk 0:07:59]} 32. Rxd7+ {[%clk 0:27:15]}
32... Ke6 {[%clk 0:08:21]} 33. Bxc5 {[%clk 0:27:30]} 33... Rac8 {[%clk 0:08:00]
} 34. R1d6+ {[%clk 0:26:55]} 34... Ke5 {[%clk 0:08:16]} 35. Re7+ { [%clk
0:26:32]} 35... Kf5 {[%clk 0:07:56]} 36. b4 {[%clk 0:26:25]} 36... a5 { [%clk
0:07:33]} 37. a3 {[%clk 0:25:31]} 37... Rg6 {[%clk 0:05:52]} 38. Rxg6 { [%clk
0:25:23]} 38... Kxg6 {[%clk 0:06:17]} 39. Kd2 {[%clk 0:25:28]} 39... Kf6 {[%clk
0:06:32]} 40. Rb7 {[%clk 0:25:01]} 40... Rd8+ {[%clk 0:04:00]} 41. Ke3 { [%clk
0:25:13]} 41... Re8+ {[%clk 0:03:43]} 42. Kf4 {[%clk 0:25:21]} 42... axb4
{[%clk 0:03:53]} 43. axb4 {[%clk 0:25:38]} 43... Rg8 {[%clk 0:03:27]} 44. Rxb5
{[%clk 0:25:26]} 44... Ke6 {[%clk 0:03:48]} 45. Ke4 {[%clk 0:25:19]} 45... Kd7
{[%clk 0:03:58]} 46. Rb6 {[%clk 0:24:44]} 46... Kc7 {[%clk 0:03:52]} 47. Re6 {
[%clk 0:24:10]} 47... Kd7 {[%clk 0:03:49]} 48. Kf5 {[%clk 0:24:20]} 48... Rf8+
{[%clk 0:03:59]} 49. Bxf8 {[%clk 0:24:44]} 1-0

[Event "DVM U14w 2020"]
[Site "Willingen GER"]
[Date "2021.06.26"]
[Round "6"]
[White "Krasikova, Milana"]
[Black "Claussen, Daniela"]
[Result "1-0"]
[Termination "normal"]
[Board "7.3"]
[WhiteElo "1077"]
[BlackElo "992"]
[WhiteClock "00:39:06"]
[BlackClock "00:56:58"]
[WhiteTeam "Hamburger SK von 1830"]
[BlackTeam "Schachfreunde Essen-Werden"]
[PlyCount "55"]
[WhiteFideId "16287347"]
[BlackFideId "16248929"]
[EventCountry "GER"]
[EventRounds "7"]
[EventType "team-swiss"]
[EventDate "2021.06.23"]

1. e4 {[%clk 1:30:59]} 1... e6 {[%clk 1:30:54]} 2. d4 {[%clk 1:31:19]} 2... b6
{[%clk 1:31:17]} 3. Bd3 {[%clk 1:31:09]} 3... Bb7 {[%clk 1:31:12]} 4. Nc3 {
[%clk 1:31:21]} 4... Bb4 {[%clk 1:31:32]} 5. Nf3 {[%clk 1:30:59]} 5... Nf6 {
[%clk 1:31:21]} 6. Nd2 {[%clk 1:30:15]} 6... Bxc3 {[%clk 1:31:06]} 7. bxc3 {
[%clk 1:30:29]} 7... O-O {[%clk 1:31:03]} 8. O-O {[%clk 1:23:29]} 8... c5 {
[%clk 1:26:38]} 9. Ba3 {[%clk 1:22:46]} 9... Qc7 {[%clk 1:26:05]} 10. Re1 {
[%clk 1:19:54]} 10... Re8 {[%clk 1:23:26]} 11. Rb1 {[%clk 1:12:10]} 11... d6 {
[%clk 1:20:28]} 12. f3 {[%clk 1:06:48]} 12... Nbd7 {[%clk 1:19:29]} 13. Nf1 {
[%clk 1:05:31]} 13... e5 {[%clk 1:13:38]} 14. d5 {[%clk 1:01:11]} 14... c4 {
[%clk 1:09:32]} 15. Be2 {[%clk 0:59:54]} 15... Nc5 {[%clk 1:08:10]} 16. Bxc4 {
[%clk 0:55:49]} 16... Na4 {[%clk 1:05:25]} 17. Rb4 {[%clk 0:53:36]} 17... Nxc3
{[%clk 1:04:16]} 18. Qd2 {[%clk 0:53:26]} 18... a5 {[%clk 1:03:56]} 19. Rb3 {
[%clk 0:47:31]} 19... Qxc4 {[%clk 1:03:05]} 20. Qxc3 {[%clk 0:46:56]} 20... Qc8
{[%clk 1:02:08]} 21. Qxc8 {[%clk 0:43:41]} 21... Raxc8 {[%clk 1:01:57]} 22.
Rxb6 {[%clk 0:42:40]} 22... Re7 {[%clk 1:01:35]} 23. Bxd6 {[%clk 0:42:27]}
23... Rd7 {[%clk 1:00:23]} 24. Reb1 {[%clk 0:40:13]} 24... Kh8 {[%clk 0:57:35]}
25. Bxe5 {[%clk 0:38:57]} 25... Ng8 {[%clk 0:56:46]} 26. Rxb7 {[%clk 0:38:33]}
26... Rxb7 {[%clk 0:56:37]} 27. Rxb7 {[%clk 0:38:51]} 27... Rxc2 { [%clk
0:56:58]} 28. Rxf7 {[%clk 0:39:06]} 1-0